000 00305nam a2200109Ia 4500
008 220204s9999 xx 000 0 und d
082 _a678:665.9.046
_bVAN
100 _aVan Turnihout, J
245 0 _aThermally stimulated discharge of polymer electrets
260 _aAmsterdam
_bElsevier
_c1975
942 _cBK
999 _c23778
_d23778